00490nam a2200169Ia 450000500170000000800410001702000070005808200150006510000140008024500450009426000320013930000130017150000200018494200060020495200970021099900130030720250424054237.0240331s9999 xx 000 0 und d a  a294.5bRAJ aRaju, T.S 0aBarathy pootiya pannarum upanidatha nool aChennaibNeru Achagumc1982 a144 p ., aUbanitatha nool cL 001040708LaWERCLbWERCLcSSCd2024-03-31l0o 294.5 RAJp2615r2024-03-31w2024-03-31yL c956d956